=LDR 00000nam 2200000 4500 =001 INLIS000000000047458 =005 20240930042354 =035 ##$$a 0010-111500000000062 =008 240930###########################0###### =082 ##$$a 2X1.3 =090 ##$$a 2X1.3 muh t =100 ##$$a Muhammad, Afif =245 1#$$a Tafsir al-quran untuk anak anak : $b Surat At-Tin, Al-A'la Alam Nasyrah /$c Dr. H. Afif. Muhammad =260 ##$$a Bandung :$b DAR! Mizan,$c 2002 =300 ##$$a 47 hlm. : $b ilus. ; $c 28 x 21 cm =850 ##$$a NPBMAT =020 ##$$a 979-3035-17-X =084 ##$$a 2X1.3 MUH t =250 ##$$a Cet. 1 =990 ##$$a 0001/BPAP-NTB/2015